Filmy Romana Polańskiego - Statystyki

Ogólne statystyki
  • Ten quiz został rozwiązany 258 razy
  • Średni wynik to 8 z 22
Statystyki odpowiedzi
Rok Film % Poprawnych
2002 Pianista
89%
1962 Nóż w wodzie
72%
1968 Dziecko Rosemary
68%
1974 Chinatown
56%
2011 Rzeź
43%
1988 Frantic
39%
1999 Dziewiąte wrota
36%
1986 Piraci
36%
2013 Wenus w futrze
32%
2010 Autor widmo
31%
1976 Lokator
30%
1967 Nieustraszeni pogromcy wampirów
30%
1992 Gorzkie gody
29%
1965 Wstręt
29%
2005 Oliver Twist
27%
1979 Tess
27%
2019 Oficer i szpieg
24%
1966 Matnia
21%
1994 Śmierć i dziewczyna
18%
1972 Co?
17%
1971 Tragedia Makbeta
17%
2017 Prawdziwa historia
11%
Nie znaleziono quizów pasujących do podanych kryteriów
Rozkład punktacji
Procent ludzi z każdym wynikiem
Percentyl według liczby udzielonych odpowiedzi
Twoja historia wyników
Nie rozwiązałeś tego quizu